J.J. Abrams Shows Quiz Stats

 Plays Quiz Retired Jun 23, 2021

     
Support Sporcle.
Go Orange.
Score 0/15 Timer 04:00
0 Plays Today
Year - Star TV Shows % Correct
2004-2010
Matthew Fox
Lost
92.9%
2001-2006
Jennifer Garner
Alias
86.2%
1998-2002
Keri Russell
Felicity
68%
2008-2013
Joshua Jackson
Fringe
60.9%
2016-present
Evan Rachel Wood
Westworld
42.5%
2011-2016
Jim Caviezel
Person of Interest
42.2%
2012-2014
Billy Burke
Revolution
26.2%
2012
Sam Neill
Alcatraz
22.7%
Year - Star TV Shows % Correct
2018-present
Melanie Lynskey
Castle Rock
12.6%
2010
Gugu Mbatha-Raw
Undercovers
12%
2016
Luke Wilson
Roadies
10.6%
2006-2007
Barry Watson
What About Brian
9.7%
2013-2014
Lili Taylor
Almost Human
8.1%
2006-2007
Jay Hernandez
Six Degrees
6.8%
2014
Jake McLaughlin
Believe
3.5%

From the Vault

2000s or 2010s?

by kfastic

History 5m
Hard to believe we're almost 20 years into this new millennium.
Remove Ads.
Support Sporcle.
Get the best of Sporcle when you Go Orange. This ad-free experience offers more features, more stats, and more fun while also helping to support Sporcle. Thank you for becoming a member.

Show Comments

Extras

Top Quizzes Today


Score Distribution

Your Account Isn't Verified!

In order to create a playlist on Sporcle, you need to verify the email address you used during registration. Go to your Sporcle Settings to finish the process.

Report this User

Report this user for behavior that violates our Community Guidelines.

Details: